Language Quiz

Random Language or Letter Quiz

Halved 4-Letter Words Quiz Stats

 Plays Quiz Updated Jul 8, 2012

Challenge
Share
Tweet
Embed
Score 0/24 Timer 06:00
0 Plays Today
Pattern Word % Correct
_ X L _axle
85.4%
C Z _ _czar
83.7%
_ C N _acne
82.4%
_ N V _envy
81.3%
_ _ G Nsign
78.3%
_ _ L Ctalc
77.4%
_ _ L Bbulb
76.7%
_ Q U _aqua
75.3%
_ W R _awry
75.2%
_ G R _ogre
74.8%
_ J A _ajar
73.9%
_ _ F Utofu
70%
Pattern Word % Correct
_ K R _okra
69.6%
_ S L _isle
68.8%
_ _ B Tdebt
68.7%
_ C I _acid
63.7%
_ _ L Nkiln
60.9%
I F _ _iffy
58.8%
_ P R _spry
57.4%
_ L N _ulna
57.4%
_ R Z _orzo
52.6%
_ I W _kiwi
44.6%
_ W U _swum
44.2%
_ V U _ovum
41.8%

You're not logged in!

Compare scores with friends on all Sporcle quizzes.
Join for Free
OR
Log In

You Might Also Like...

Show Comments

Extras

Top Quizzes Today


Score Distribution

Your Account Isn't Verified!

In order to create a playlist on Sporcle, you need to verify the email address you used during registration. Go to your Sporcle Settings to finish the process.

Report this User

Report this user for behavior that violates our Community Guidelines.

Details: